000 00366nam a2200145Ia 4500
008 230917s9999||||xx |||||||||||||| ||und||
040 _e160324
_aMAIN
041 _aEnglish
082 _a338.4791 S75T
100 _aSethi, Praveen, ed.
245 0 _aTourism today and tomorrow
260 _aNew Delhi
_bAnmol Publications
_c2005
300 _a303 p.
942 _cBK
999 _c130479
_d130479